01286cam a2200325 i 450000100090000000300090000900500170001800800410003502000380007604000390011404300120015308200200016510000480018524500930023324600770032626400380040326400100044130000230045133600260047433700280050033800270052850400520055565100720060765100590067965300350073865500170077394200120079099900170080295201410081918039530EG-ScBUE20240701112249.0140211t2014 gau f b 001 0 eng d a9780986036293 (pbk. : alk. paper) aDLCbengerdacDLCdDLCdEG-ScBUE  an-us---04a973.93222bROB1 aRoberts, Paul Craig,d1939-eauthor.93928310aHow America was lost :bfrom 9 / 11 to the police / warfare state /cPaul Craig Roberts.3 aHow America was lost :bfrom nine / eleven to the police / warfare state 1aAtlanta :bClarity Press,c[2014] 4cc2014 a463 pages ;c24 cm 2rdacontentatextbtxt aunmediated2rdamediabn avolumebnc2rdacarrier aIncludes bibliographical references and index.  7aUnited StatesxPolitics and governmenty21st century.2BUEsh922791 7aUnited StatesxForeign relationsy21st century.2BUEsh bBUSBOLcJuly2015cFebruary2016 vReading book 2ddccBB c20212d20184 00102ddc40708BaccahaMAINbMAINc2NDd2015-07-06ePurchaseg225.00h22696l0o973.93 ROBp000039252r2025-07-15 00:00:00v281.00yBB